Sports Quiz

Random Sports or NFL Quiz

Super Bowls' Yard Leaders Quiz Stats

 Plays Quiz Updated Feb 4, 2018

Challenge
Share
Tweet
Embed
Score 0/156 Timer 10:00
1 Play Today
% Correct
Tom Brady
96.9%
Tom Brady
96.6%
Tom Brady
96.3%
Peyton Manning
96.1%
Peyton Manning
96.1%
Eli Manning
95.8%
Tom Brady
95.5%
Tom Brady
95.4%
Peyton Manning
95.1%
Emmitt Smith
84.2%
Emmitt Smith
84.1%
Timmy Smith
84%
Antowain Smith
84%
Rod Smith
84%
Antowain Smith
83.9%
Joe Montana
83.1%
Joe Montana
83.1%
Joe Montana
83%
Jerry Rice
80.8%
Jerry Rice
80.8%
Jerry Rice
80.8%
Terry Bradshaw
80.2%
Terry Bradshaw
80.2%
Terry Bradshaw
80.2%
Ahmad Bradshaw
80.1%
Kurt Warner
80%
Kurt Warner
80%
Kurt Warner
80%
Ahmad Bradshaw
79.8%
John Elway
78.5%
John Elway
78.4%
Steve Young
77.9%
Steve Young
77.8%
Troy Aikman
76.6%
Brett Favre
73.9%
Demaryius Thomas
73.7%
Aaron Rodgers
72.4%
Cam Newton
72.1%
Marshawn Lynch
70.7%
Bart Starr
69.9%
Thurman Thomas
68.8%
Duane Thomas
68.7%
Jim Kelly
67.2%
Vance Johnson
66.6%
Terrell Davis
66.5%
Terrell Davis
66.5%
Clarence Davis
66.4%
Colin Kaepernick
63.9%
Franco Harris
63.4%
Franco Harris
63.4%
C.J. Anderson
63.3%
Doug Williams
61.8%
% Correct
Joe Namath
60.7%
Frank Gore
59.7%
Donovan McNabb
55.5%
Roger Staubach
55.3%
Matt Hasselbeck
54%
Isaac Bruce
53.5%
LaGarrette Blount
52.8%
James White
52.4%
Hines Ward
52.3%
Ken Anderson
51.8%
Trent Dilfer
51.2%
Rich Gannon
50.6%
Chris Matthews/Julian Edelman
50.6%
Devonta Freeman
50.2%
Lynn Swann
49.4%
Lynn Swann
49.4%
Joseph Addai
49.2%
Joseph Addai
49.2%
Jamal Lewis
48.8%
Deion Branch
48.5%
Deion Branch
48.5%
Cliff Branch
48.4%
Santonio Holmes
48.2%
Shaun Alexander
47.3%
Fran Tarkenton
46.8%
Fran Tarkenton
46.7%
Fran Tarkenton
46.7%
Emmanuel Sanders
46.5%
Drew Bledsoe
46.1%
Wes Welker
45.8%
Walter Payton
45.5%
Willie Parker
44.5%
Ben Wilson
44.4%
Dallas Clark
44.1%
Gary Clark
44.1%
Andre Reed/Alvin Harper
43.5%
Roger Craig
43.1%
Bob Griese
43%
Mark Rypien
42.9%
Jim McMahon
42.6%
John Riggins
42.3%
Marcus Allen
42%
Michael Crabtree
41.5%
Corey Dillon
41.1%
Jordy Nelson
41%
Andre Reed
40.9%
Joe Theismann
40.5%
Joe Theismann
40.5%
Jim Taylor
38.9%
Eddie George
38.2%
Danny Amendola
37%
Larry Csonka
35.4%
% Correct
Larry Csonka
35.4%
Rashard Mendenhall
35.3%
Hakeem Nicks
34.7%
Jeff Hostetler
34.3%
Antonio Freeman
31.4%
Antonio Freeman
31.4%
Neil O'Donnell
31.3%
John Stallworth
31%
Ricky Sanders
30.8%
Tony Dorsett
28.3%
Tony Dorsett
28.3%
Bam Morris
27.9%
Joe Morris
27.9%
Percy Harvin
25.7%
Ron Jaworski
24.1%
Dorsey Levens
21.6%
Daryle Lamonica
20.2%
Earl Morrall
19.9%
Ickey Woods
19.3%
Dominic Rhodes
19.2%
Willie Gault
18.6%
Max McGee
15.6%
Michael Pittman
15.1%
Mark Clayton
14.2%
Joe Kapp
13.6%
Fred Biletnikoff
12.9%
Bill Miller
12.4%
Matt Snell
12.1%
Billy Kilmer
11.2%
Cris Collinsworth
10.9%
Brandon Stokley
10.3%
Mark Ingram
9.7%
Paul Warfield
9.7%
Wendell Tyler
9.6%
Wendell Tyler
9.6%
Chuck Foreman
9.1%
Kenny King
8.4%
John Henderson
7.3%
Az-Zahir Hakim
6.1%
Mike Garrett
5.6%
Mark van Eeghen
5.2%
John Mackey
5.2%
George Sauer
4.7%
Joe Jurevicius
4.3%
Roy Jefferson
4.1%
Ricky Patton
3.7%
Walt Garrison
3.3%
Ricky Ervins
3.2%
Billy Joe DuPree
2.7%
Andre Hastings
2.6%
Jimmy Cefalo
2.5%
Stu Voigt
1.6%

You're not logged in!

Compare scores with friends on all Sporcle quizzes.
OR
Log In

You Might Also Like...

Show Comments

Extras

Top Quizzes Today


Score Distribution

Your Account Isn't Verified!

In order to create a playlist on Sporcle, you need to verify the email address you used during registration. Go to your Sporcle Settings to finish the process.

Report this User

Report this user for behavior that violates our Community Guidelines.

Details: